[Event "X MIEDZYNARODOWY JUBILEUSZOWY FESTIWAL S"]
[Site "LAZY, OW "]
[Date "2014.07.02"]
[Round "4.20"]
[White "Szostko, Jakub"]
[Black "Janik, Igor"]
[Result "1-0"]
[WhiteElo "2002"]
[BlackElo "2071"]
[PlyCount "78"]
[EventDate "2014.??.??"]

1. c4 g6 2. g3 Nf6 3. Bg2 Bg7 4. Nc3 O-O 5. e4 d6 6. Nge2 Nc6 7. O-O e5 8. d3
Be6 9. Nd5 Qd7 10. Bg5 Ne8 11. Qd2 f5 12. exf5 Bxf5 13. Rac1 Bh3 14. b4 Bxg2
15. Kxg2 Nd8 16. f3 c6 17. Ndc3 Ne6 18. Be3 N8c7 19. d4 a5 20. a3 axb4 21. axb4
Rad8 22. d5 Nd4 23. Nxd4 exd4 24. Bxd4 Ne8 25. Ne4 Bxd4 26. Qxd4 Qf5 27. b5 c5
28. Qd2 Ng7 29. Ra1 Qd7 30. Qc3 Qf7 31. Rfe1 h6 32. g4 g5 33. Ra7 Rd7 34. Rea1
Qf4 35. Ra8 Ne8 36. Rxe8 Rxe8 37. Nf6+ Kf7 38. Nxe8 Kxe8 39. Qh8+ Qf8 1-0

[Event "X MIEDZYNARODOWY JUBILEUSZOWY FESTIWAL S"]
[Site "LAZY, OW "]
[Date "2014.07.02"]
[Round "4.21"]
[White "Parol, Pawel"]
[Black "Lukasiewicz, Anna"]
[Result "1-0"]
[WhiteElo "2001"]
[BlackElo "2062"]
[PlyCount "37"]
[EventDate "2014.??.??"]

1. Nf3 d5 2. c4 c6 3. e3 Nf6 4. d4 Bf5 5. Nc3 e6 6. Be2 h6 7. Bd3 dxc4 8. Bxf5
exf5 9. Ne5 Bb4 10. Nxc4 O-O 11. O-O Na6 12. Qf3 f4 13. Qxf4 Bxc3 14. bxc3 Nd5
15. Qf3 Nxc3 16. Ba3 Re8 17. Nd6 Re7 18. e4 Qa5 19. Nc4 1-0

[Event "X MIEDZYNARODOWY JUBILEUSZOWY FESTIWAL S"]
[Site "LAZY, OW "]
[Date "2014.07.02"]
[Round "4.22"]
[White "Mucha, Piotr"]
[Black "Januszkiewicz, Wojciech"]
[Result "1/2-1/2"]
[WhiteElo "2026"]
[BlackElo "1852"]
[PlyCount "80"]
[EventDate "2014.??.??"]

1. e4 c5 2. Nf3 d6 3. d4 cxd4 4. Nxd4 Nf6 5. Nc3 g6 6. Be3 Bg7 7. f3 O-O 8. Qd2
Nc6 9. O-O-O d5 10. exd5 Nxd5 11. Nxc6 bxc6 12. Bd4 Bxd4 13. Qxd4 Qb6 14. Nxd5
cxd5 15. Qxb6 axb6 16. Rxd5 Be6 17. Rd1 Rxa2 18. Bd3 Rd8 19. Rhe1 Ra1+ 20. Kd2
Ra2 21. Rb1 Kg7 22. Re4 Rd6 23. Ke3 f5 24. Rd4 Rc6 25. Rd8 Ra7 26. Kd4 Kf6 27.
b4 Rd7+ 28. Rxd7 Bxd7 29. f4 Rd6+ 30. Ke3 g5 31. fxg5+ Kxg5 32. Rd1 f4+ 33. Kf2
Bf5 34. Re1 Bxd3 35. cxd3 Kf6 36. Re4 e5 37. Ke2 Kf5 38. Rc4 Rh6 39. Kf3 Rd6
40. Ke2 Rh6 1/2-1/2

[Event "X MIEDZYNARODOWY JUBILEUSZOWY FESTIWAL S"]
[Site "LAZY, OW "]
[Date "2014.07.02"]
[Round "4.23"]
[White "Poswiatowski, Michal"]
[Black "Spicak, Krzysztof"]
[Result "1-0"]
[WhiteElo "2013"]
[BlackElo "1933"]
[PlyCount "101"]
[EventDate "2014.??.??"]

1. e4 c5 2. Nf3 Nc6 3. Bb5 g6 4. O-O Bg7 5. Nc3 Nd4 6. Bc4 d6 7. d3 e6 8. Nxd4
cxd4 9. Ne2 Ne7 10. f4 O-O 11. Qe1 f5 12. exf5 gxf5 13. Ng3 d5 14. Bb3 Nc6 15.
Bd2 Bd7 16. Nh5 Bh6 17. Rf3 Kf7 18. Ba4 Rg8 19. Rg3 Qc7 20. Rxg8 Rxg8 21. Qh4
Rg6 22. Kh1 Bf8 23. Ng3 Kg8 24. Ne2 Be7 25. Qf2 Qb6 26. Bc1 Bf6 27. b3 Qc5 28.
Bxc6 bxc6 29. c3 Qb5 30. cxd4 Qxd3 31. Be3 Bc8 32. Rc1 Ba6 33. Ng1 Bb7 34. Nf3
Qa6 35. Qd2 Rg7 36. Ne5 c5 37. Rxc5 Bxe5 38. fxe5 f4 39. Bg1 f3 40. gxf3 Qf1
41. Qf2 Qh3 42. b4 Kf8 43. b5 Qf5 44. a4 Qb1 45. a5 a6 46. b6 Qd1 47. h3 Qa1
48. Kh2 Qxa5 49. Qe3 Qa2+ 50. Bf2 Qa1 51. Rc7 1-0

[Event "X MIEDZYNARODOWY JUBILEUSZOWY FESTIWAL S"]
[Site "LAZY, OW "]
[Date "2014.07.02"]
[Round "4.24"]
[White "Harazinska, Ewa"]
[Black "Lebiedowicz, Borys"]
[Result "1-0"]
[WhiteElo "2062"]
[BlackElo "1833"]
[PlyCount "113"]
[EventDate "2014.??.??"]

1. d4 d5 2. c4 dxc4 3. e3 e6 4. Bxc4 Nf6 5. Nf3 Be7 6. O-O O-O 7. Nc3 a6 8. a4
c5 9. Qe2 Nc6 10. Rd1 Qc7 11. h3 b6 12. dxc5 Bxc5 13. e4 Nh5 14. Ng5 Nf4 15.
Qf1 Nd4 16. Rb1 h6 17. Be3 e5 18. Bxd4 exd4 19. Nd5 Qe5 20. Nf3 Qxe4 21. Nxf4
Qxf4 22. b4 Bd6 23. Rxd4 Qf6 24. Qd3 Bf5 25. Qd1 Bxb1 26. Rxd6 Qb2 27. Rd7 Rac8
28. Rxf7 Rxf7 29. Bxf7+ Kxf7 30. Qd7+ Kf6 31. Qxc8 Qxb4 32. Qc6+ Kf7 33. Qd5+
Kf8 34. Ne5 Qe7 35. f4 Bf5 36. Kh2 Qc7 37. Qa8+ Bc8 38. Ng6+ Kf7 39. Qe4 Qb7
40. Ne5+ Kg8 41. Qc4+ Kh8 42. Ng6+ Kh7 43. Qd3 Kg8 44. Qd8+ Kf7 45. Ne5+ Ke6
46. Qg8+ Kd6 47. Nf7+ Kc5 48. Qf8+ Kd5 49. Nd6 Qc7 50. Nxc8 Ke6 51. Qe8+ Kf6
52. Qe5+ Qxe5 53. fxe5+ Kxe5 54. Nxb6 Kd6 55. Kg3 Kc5 56. Nd7+ Kb4 57. Kg4 1-0

[Event "X MIEDZYNARODOWY JUBILEUSZOWY FESTIWAL S"]
[Site "LAZY, OW "]
[Date "2014.07.02"]
[Round "4.25"]
[White "Kowalski, Maciej"]
[Black "Mazalon, Mariusz"]
[Result "1/2-1/2"]
[WhiteElo "1984"]
[BlackElo "2043"]
[PlyCount "70"]
[EventDate "2014.??.??"]

1. f4 g6 2. Nf3 Bg7 3. g3 Nf6 4. Bg2 d5 5. O-O O-O 6. d3 b5 7. Nbd2 Bb7 8. Nb3
Qd6 9. d4 Nbd7 10. Ne5 c5 11. Be3 cxd4 12. Bxd4 a5 13. a4 b4 14. c4 bxc3 15.
bxc3 Rfc8 16. c4 e6 17. Rc1 Qe7 18. Nxd7 Qxd7 19. Nc5 Qe7 20. Nxb7 Qxb7 21. Rb1
Qe7 22. Bxf6 Bxf6 23. cxd5 exd5 24. Bxd5 Rab8 25. e4 Qa3 26. Rxb8 Rxb8 27. Qc2
Rb2 28. Qc7 Be7 29. Kh1 Qd3 30. Qc8+ Kg7 31. Qh3 f5 32. Bc6 Rb1 33. Bb5 Qxe4+
34. Qg2 Rxf1+ 35. Bxf1 Qxg2+ 1/2-1/2

[Event "X MIEDZYNARODOWY JUBILEUSZOWY FESTIWAL S"]
[Site "LAZY, OW "]
[Date "2014.07.02"]
[Round "4.26"]
[White "Sawicki, Mikolaj"]
[Black "Zebracki, Tomasz"]
[Result "0-1"]
[WhiteElo "1965"]
[BlackElo "2019"]
[PlyCount "86"]
[EventDate "2014.??.??"]

1. e4 e6 2. d4 d5 3. Nd2 dxe4 4. Nxe4 Nd7 5. Bd3 Ngf6 6. Qe2 Be7 7. Nf3 O-O 8.
O-O b6 9. Bg5 Bb7 10. Rad1 h6 11. Bc1 Nxe4 12. Bxe4 Bxe4 13. Qxe4 Nf6 14. Qe2
Qd5 15. c4 Qh5 16. Bf4 Bd6 17. Be5 Rfe8 18. a3 Rad8 19. Qc2 Nd7 20. Rfe1 g5 21.
h3 f5 22. Qe2 Bxe5 23. Nxe5 Qxe2 24. Rxe2 Nxe5 25. Rxe5 c5 26. d5 exd5 27.
Rxe8+ Rxe8 28. Rxd5 Re1+ 29. Kh2 Re2 30. Rxf5 Rxb2 31. Rd5 Rxf2 32. a4 Kg7 33.
a5 Rf4 34. axb6 axb6 35. Rd6 Rf6 36. Rd5 Kf7 37. g4 Ke6 38. Rd8 Ke5 39. Kg3 Rd6
40. Rg8 Kd4 41. h4 gxh4+ 42. Kxh4 Kxc4 43. Kh5 b5 0-1

[Event "X MIEDZYNARODOWY JUBILEUSZOWY FESTIWAL S"]
[Site "LAZY, OW "]
[Date "2014.07.02"]
[Round "4.27"]
[White "Woloch, Oskar"]
[Black "Pilzak, Marcin"]
[Result "1/2-1/2"]
[WhiteElo "1929"]
[BlackElo "1968"]
[PlyCount "101"]
[EventDate "2014.??.??"]

1. e4 e6 2. d4 d5 3. exd5 exd5 4. Nf3 Bd6 5. c4 Nf6 6. Nc3 O-O 7. cxd5 Nbd7 8.
Be2 Nb6 9. Bg5 Be7 10. O-O Nfxd5 11. Bxe7 Qxe7 12. Nxd5 Nxd5 13. Bc4 Nb6 14.
Bb3 Bg4 15. h3 Bh5 16. g4 Bg6 17. Ne5 Qf6 18. Rc1 c6 19. Rc3 Rad8 20. Rf3 Qd6
21. Nxg6 hxg6 22. Qb1 Nd5 23. Re1 Rde8 24. Re4 Re6 25. Rxe6 Qxe6 26. Re3 Qd7
27. Bxd5 Qxd5 28. Re7 Qxd4 29. Rxb7 Re8 30. Qf1 Qd2 31. Qc4 Re6 32. Kg2 Rf6 33.
Qc5 Qe2 34. Qe3 Qc4 35. Qg3 Qd5+ 36. Kh2 g5 37. Rb8+ Kh7 38. Rb3 Qd4 39. Kg2
Qe4+ 40. Kh2 Qe2 41. Kg2 Qe4+ 42. Kh2 Rf4 43. Qe3 Qd5 44. Qe2 Kh6 45. Qe3 Qd6
46. Kg2 Qd5+ 47. Kh2 c5 48. Ra3 Rd4 49. Qf3 Qe5+ 50. Qg3 Rf4 51. Rf3 1/2-1/2

[Event "X MIEDZYNARODOWY JUBILEUSZOWY FESTIWAL S"]
[Site "LAZY, OW "]
[Date "2014.07.02"]
[Round "4.28"]
[White "Szewczak, Andrzej"]
[Black "Zolobowski, Grzegorz"]
[Result "0-1"]
[WhiteElo "1976"]
[BlackElo "2046"]
[PlyCount "70"]
[EventDate "2014.??.??"]

1. e4 d5 2. exd5 Qxd5 3. Nc3 Qa5 4. d4 Nf6 5. Nf3 Bf5 6. Bd2 c6 7. Nh4 Bg6 8.
Nxg6 hxg6 9. Ne4 Qc7 10. Nxf6+ gxf6 11. Qf3 Nd7 12. O-O-O e6 13. h4 O-O-O 14.
g4 Bh6 15. g5 Bg7 16. Bg2 f5 17. Be3 e5 18. d5 e4 19. Qe2 c5 20. f4 Qa5 21. Kb1
b5 22. h5 Nb6 23. h6 Bxb2 24. Bxc5 Na4 25. Qe3 b4 26. Bd4 Bxd4 27. Rxd4 Nc3+
28. Kc1 Nxa2+ 29. Kb2 Rxd5 30. Ra1 Rxd4 31. Qxd4 Qa3+ 32. Kb1 Nc3+ 33. Qxc3+
Qxc3 34. Rxa7 Kb8 35. Rxf7 Rd8 0-1

[Event "X MIEDZYNARODOWY JUBILEUSZOWY FESTIWAL S"]
[Site "LAZY, OW "]
[Date "2014.07.03"]
[Round "5.1"]
[White "Tomczak, Jacek"]
[Black "Eggink, Mateusz"]
[Result "1-0"]
[WhiteElo "2551"]
[BlackElo "2164"]
[PlyCount "93"]
[EventDate "2014.??.??"]

1. e4 c5 2. Nf3 d6 3. d4 cxd4 4. Nxd4 Nf6 5. Nc3 a6 6. Bc4 e6 7. Bb3 b5 8. O-O
Be7 9. Qf3 Qb6 10. Be3 Qb7 11. Qg3 b4 12. Na4 O-O 13. f3 Nbd7 14. Rac1 Ne5 15.
Ne2 a5 16. Bd4 Nc6 17. Be3 Ne5 18. Rfd1 Ra6 19. Kh1 Rc6 20. c4 bxc3 21. Rxc3
Qa6 22. Qf2 Bd7 23. Bd4 Rb8 24. Rxc6 Bxc6 25. Nec3 Rb4 26. Bc2 Ned7 27. b3 Qa8
28. Nb6 Nxb6 29. Bxb6 Qa6 30. Bd4 Nd7 31. h3 h6 32. Be3 Bf6 33. Qd2 Nf8 34. Qe1
Ba8 35. Ne2 Ng6 36. Bd2 Rb8 37. Bxa5 Rc8 38. Bd3 Qa7 39. Bb1 Bh4 40. g3 Qe3 41.
Rd3 Qg5 42. Bd2 Qh5 43. gxh4 Nxh4 44. Nf4 Qg5 45. Qg1 Qe5 46. Ng2 Qg3 47. Nf4
1-0

[Event "X MIEDZYNARODOWY JUBILEUSZOWY FESTIWAL S"]
[Site "LAZY, OW "]
[Date "2014.07.03"]
[Round "5.2"]
[White "Sharapov, Evgeny"]
[Black "Nowicki, Bartosz"]
[Result "1/2-1/2"]
[WhiteElo "2377"]
[BlackElo "2256"]
[PlyCount "120"]
[EventDate "2014.??.??"]

1. e4 c5 2. Nf3 d6 3. d4 cxd4 4. Nxd4 Nf6 5. Nc3 a6 6. g3 e5 7. Nb3 Be7 8. Bg2
O-O 9. O-O a5 10. Re1 a4 11. Nd2 Bg4 12. Bf3 Be6 13. Nf1 a3 14. b3 Qa5 15. Bd2
Qc5 16. Ne3 g6 17. Na4 Qc6 18. c4 Na6 19. Nc3 Nc7 20. Rc1 Rfc8 21. Ncd5 Bxd5
22. cxd5 Qa6 23. Nc4 Nb5 24. Bb4 Bf8 25. Qd2 h5 26. Bg2 Kh7 27. f4 Bh6 28. Bf1
h4 29. Qf2 Ng4 30. Qf3 Qa7+ 31. Kg2 Nxh2 32. Kxh2 hxg3+ 33. Kg2 Bxf4 34. Bd2
Nd4 35. Qg4 Nxb3 36. Qh4+ Kg7 37. Be3 Bxe3 38. Nxe3 Rxc1 39. Nf5+ Kg8 40. Ne7+
Kf8 41. Nxg6+ Kg7 42. Re2 Kxg6 43. Qxg3+ Kh7 44. Kh2 Rxf1 45. Rg2 Qg1+ 46. Rxg1
Rxg1 47. Qxg1 Nc5 48. Qe3 Ra4 49. Qh3+ Kg7 50. Qg4+ Kf8 51. Qc8+ Ke7 52. Qc7+
Nd7 53. Qxb7 Rxe4 54. Qb3 Rd4 55. Qxa3 Rxd5 56. Qa7 Ke6 57. a4 Nc5 58. a5 Rd3
59. Qa8 Ra3 60. Qe8+ Kf6 1/2-1/2

[Event "X MIEDZYNARODOWY JUBILEUSZOWY FESTIWAL S"]
[Site "LAZY, OW "]
[Date "2014.07.03"]
[Round "5.3"]
[White "Pazderski, Ziemowit"]
[Black "Rudolf, Michal"]
[Result "0-1"]
[WhiteElo "2262"]
[BlackElo "2363"]
[PlyCount "90"]
[EventDate "2014.??.??"]

1. d4 Nf6 2. c4 g6 3. Nc3 Bg7 4. e4 d6 5. f3 a6 6. Be3 c6 7. c5 O-O 8. Nge2 b6
9. cxb6 Qxb6 10. Qd2 Nbd7 11. Na4 Qb7 12. Nc1 Nb6 13. Nc3 Qc7 14. Qf2 Nfd7 15.
Bd3 a5 16. O-O Ba6 17. Bxa6 Rxa6 18. Qe2 Raa8 19. Nb3 Qb7 20. Rac1 Rfc8 21. Rc2
a4 22. Nd2 c5 23. dxc5 Nxc5 24. Rfc1 Rab8 25. Ncb1 Nbd7 26. Nc4 Qa6 27. Nba3
Rb4 28. Qd2 Rcb8 29. g3 h5 30. Kg2 Qa8 31. Qe2 Qa6 32. Qd2 Qb7 33. Qe2 Bxb2 34.
Nxb2 Rxb2 35. Nc4 Rxc2 36. Qxc2 Qa6 37. Bg5 Kf8 38. e5 dxe5 39. Bh6+ Kg8 40.
Qc3 Qf6 41. Qe3 Qf5 42. Nd2 Kh7 43. Ne4 Nxe4 44. fxe4 Rb2+ 45. Kh1 Qh3 0-1

[Event "X MIEDZYNARODOWY JUBILEUSZOWY FESTIWAL S"]
[Site "LAZY, OW "]
[Date "2014.07.03"]
[Round "5.4"]
[White "Jarmula, Pawel"]
[Black "Licznerski, Lukasz"]
[Result "0-1"]
[WhiteElo "2140"]
[BlackElo "2344"]
[PlyCount "146"]
[EventDate "2014.??.??"]

1. e4 Nf6 2. e5 Nd5 3. d4 d6 4. Nf3 Bg4 5. Be2 e6 6. O-O Nc6 7. c4 Nb6 8. exd6
cxd6 9. d5 exd5 10. cxd5 Bxf3 11. Bxf3 Ne5 12. Be2 Be7 13. Qb3 O-O 14. Be3 Ned7
15. Nc3 Nc5 16. Bxc5 dxc5 17. Bf3 Bd6 18. g3 c4 19. Qc2 Nd7 20. b3 Ne5 21. Be2
Rc8 22. bxc4 Nxc4 23. Bxc4 Rxc4 24. Qd3 Rc7 25. Nb5 Rd7 26. Nxd6 Rxd6 27. Rfd1
Qa5 28. Rd2 Rc8 29. Rad1 Qa4 30. Qf5 Rcd8 31. Qe5 g6 32. Qe3 b6 33. a3 Rc8 34.
Rd4 Qd7 35. a4 Rc5 36. Qd3 Qe7 37. Re4 Qg5 38. Rd4 Qe5 39. Kg2 h5 40. h4 Kg7
41. Qd2 Qf5 42. Qd3 Qxd3 43. R1xd3 Kf8 44. Rd2 Ke7 45. Re2+ Kd8 46. Red2 Rf6
47. f4 Rd6 48. Kf3 f5 49. R2d3 a6 50. Rd2 Kc7 51. R2d3 b5 52. axb5 axb5 53. Ke3
Kb7 54. Kd2 Kb6 55. Ke3 Rc4 56. Rb3 Kc5 57. Rd1 b4 58. Ra1 Re4+ 59. Kf3 Kxd5
60. Rb2 Kc5 61. Rc2+ Rc4 62. Ra5+ Kb6 63. Rca2 Rc3+ 64. Ke2 Rc2+ 65. Rxc2 Kxa5
66. Rc8 b3 67. Rb8 Ka4 68. Ra8+ Kb4 69. Rb8+ Kc3 70. Rc8+ Kb2 71. Rc7 Kb1 72.
Rc8 b2 73. Rc7 Ra6 0-1

[Event "X MIEDZYNARODOWY JUBILEUSZOWY FESTIWAL S"]
[Site "LAZY, OW "]
[Date "2014.07.03"]
[Round "5.5"]
[White "Nurkiewicz, Maciej"]
[Black "Jaroch, Pawel"]
[Result "1-0"]
[WhiteElo "2392"]
[BlackElo "2228"]
[PlyCount "75"]
[EventDate "2014.??.??"]

1. e4 e6 2. d4 d5 3. Nd2 c5 4. exd5 Qxd5 5. Ngf3 cxd4 6. Bc4 Qd6 7. O-O Nf6 8.
Nb3 Nc6 9. Nbxd4 Nxd4 10. Nxd4 a6 11. Re1 Qc7 12. Bb3 Bd6 13. Nf5 Bxh2+ 14. Kh1
O-O 15. Nxg7 Kxg7 16. Qd4 e5 17. Qh4 Ng4 18. f3 Qd8 19. Bg5 f6 20. fxg4 fxg5
21. Qxh2 Rf4 22. Rxe5 Rxg4 23. Rd5 Qe7 24. Qe5+ Qxe5 25. Rxe5 b5 26. Re8 Kg6
27. Bd5 Rb8 28. Rf1 Bb7 29. Rxb8 Bxd5 30. Rb6+ Kh5 31. Rf2 Rd4 32. Rxa6 Kg4 33.
Kh2 Be4 34. c3 Rd5 35. a4 h5 36. axb5 Rxb5 37. Ra4 Re5 38. Re2 1-0

[Event "X MIEDZYNARODOWY JUBILEUSZOWY FESTIWAL S"]
[Site "LAZY, OW "]
[Date "2014.07.03"]
[Round "5.6"]
[White "Antonov, Alexandr"]
[Black "Warakomski, Tomasz"]
[Result "0-1"]
[WhiteElo "2077"]
[BlackElo "2505"]
[PlyCount "136"]
[EventDate "2014.??.??"]

1. e4 e5 2. Nf3 Nc6 3. Bb5 a6 4. Ba4 Nf6 5. Qe2 b5 6. Bb3 Bc5 7. a4 Rb8 8. axb5
axb5 9. O-O O-O 10. c3 d5 11. d3 Be6 12. Nbd2 Re8 13. exd5 Bxd5 14. Bxd5 Nxd5
15. Ne4 Bf8 16. Ra6 Qd7 17. Ng3 Re6 18. Qd1 Rd8 19. Ng5 Rg6 20. Qh5 h6 21. N5e4
Nf4 22. Bxf4 exf4 23. Ne2 Qxd3 24. Nxf4 Qxe4 25. Nxg6 fxg6 26. Qxb5 Ne5 27. Ra4
Qf5 28. Qe2 Kh7 29. Re4 Nd3 30. b4 Qf6 31. Rc4 Bd6 32. g3 Be5 33. Rd1 Qd6 34.
Kf1 Bf6 35. Qe4 Qd7 36. Kg1 Re8 37. Qc6 Qf5 38. Rf1 Re1 39. Qg2 Ne5 40. Rxe1
Nxc4 41. Qe4 Qb5 42. Qd3 Qc6 43. Qe4 Qb5 44. Qd3 c6 45. Re4 Ne5 46. Qe3 Qd5 47.
Qe2 Nf7 48. c4 Qd6 49. c5 Qd5 50. h4 Ne5 51. Rf4 h5 52. Re4 Kh8 53. Rf4 Kg8 54.
Re4 Kh7 55. Rf4 Qd7 56. Re4 Ng4 57. Qc4 Qf5 58. Rf4 Qb1+ 59. Kg2 Qd1 60. Qe4
Ne5 61. Qd4 Nd3 62. Qe4 Nxf4+ 63. Qxf4 Qd5+ 64. Kg1 Bc3 65. Kh2 Bd2 66. Qb8 Qd4
67. b5 Qxf2+ 68. Kh3 Qg1 0-1

[Event "X MIEDZYNARODOWY JUBILEUSZOWY FESTIWAL S"]
[Site "LAZY, OW "]
[Date "2014.07.03"]
[Round "5.7"]
[White "Shishkin, Vadim"]
[Black "Tomaszewski, Kacper"]
[Result "1-0"]
[WhiteElo "2489"]
[BlackElo "2012"]
[PlyCount "77"]
[EventDate "2014.??.??"]

1. d4 Nf6 2. c4 g6 3. Nc3 d5 4. cxd5 Nxd5 5. e4 Nxc3 6. bxc3 Bg7 7. Bg5 h6 8.
Be3 c5 9. Rc1 Qa5 10. Qd2 cxd4 11. cxd4 Qxd2+ 12. Kxd2 O-O 13. Bd3 Nc6 14. Ne2
Rd8 15. Rc4 e6 16. Rb1 Na5 17. Rc2 Nc6 18. Rc4 Na5 19. Rcc1 Nc6 20. e5 Bf8 21.
f4 Nb4 22. Bc4 b6 23. g4 Bb7 24. f5 b5 25. Bb3 Nd5 26. fxe6 fxe6 27. Bxd5 Bxd5
28. Rxb5 Rab8 29. a4 Bb4+ 30. Kd3 a5 31. Rxb8 Rxb8 32. Nf4 Bb3 33. Rc7 g5 34.
Nh5 Bxa4 35. h4 Bb5+ 36. Ke4 Be8 37. Nf6+ Kf8 38. hxg5 Bg6+ 39. Kf3 1-0

[Event "X MIEDZYNARODOWY JUBILEUSZOWY FESTIWAL S"]
[Site "LAZY, OW "]
[Date "2014.07.03"]
[Round "5.8"]
[White "Kosiorek, Marek"]
[Black "Niekras, Dawid"]
[Result "1/2-1/2"]
[WhiteElo "2361"]
[BlackElo "1981"]
[PlyCount "84"]
[EventDate "2014.??.??"]

1. d4 Nf6 2. c4 g6 3. Nc3 Bg7 4. e4 d6 5. Nf3 O-O 6. Be2 e5 7. O-O Nc6 8. d5
Ne7 9. Nd2 a5 10. a3 Nd7 11. Rb1 f5 12. b4 axb4 13. axb4 Bh6 14. Qc2 Kh8 15.
Bb2 Nf6 16. Rbd1 Nh5 17. Bf3 Nf4 18. Nb3 g5 19. exf5 Nxf5 20. Be4 Nh4 21. Kh1
g4 22. Bc1 Bf5 23. Rg1 Bxe4 24. Nxe4 Qe8 25. Be3 Qg6 26. Nbd2 Nf5 27. Rge1 Rf7
28. Bxf4 Nd4 29. Bxe5+ dxe5 30. Qd3 Ra2 31. Nf1 Nc2 32. Qb3 Nxe1 33. Rxe1 Raxf2
34. Nxf2 Rxf2 35. Qg3 Qf5 36. Kg1 Rc2 37. Rxe5 Qf7 38. Qe1 Rxc4 39. Re8+ Bf8
40. Qe5+ Kg8 41. Qg5+ Qg7 42. Qf5 Qf7 1/2-1/2

[Event "X MIEDZYNARODOWY JUBILEUSZOWY FESTIWAL S"]
[Site "LAZY, OW "]
[Date "2014.07.03"]
[Round "5.9"]
[White "Plichta, Kamil"]
[Black "Chylewski, Patryk"]
[Result "1/2-1/2"]
[WhiteElo "2247"]
[BlackElo "1909"]
[PlyCount "120"]
[EventDate "2014.??.??"]

1. c4 e5 2. g3 Nf6 3. Bg2 d5 4. cxd5 Nxd5 5. Nf3 Nc6 6. O-O Be7 7. d4 e4 8. Ne5
Nxe5 9. dxe5 Bf5 10. Bxe4 Bxe4 11. Qa4+ Qd7 12. Qxe4 O-O-O 13. Nc3 Qe6 14. Rb1
h5 15. Rd1 Nxc3 16. Rxd8+ Rxd8 17. bxc3 Rd1+ 18. Kg2 Qd5 19. Qxd5 Rxd5 20. e6
fxe6 21. Be3 Bf6 22. Rc1 Ra5 23. Rc2 Ra4 24. c4 Ra3 25. Bc5 Rc3 26. Rxc3 Bxc3
27. Kf3 b6 28. Be3 Bf6 29. Ke4 Kd7 30. h3 a6 31. g4 hxg4 32. hxg4 g6 33. Kd3
Kc6 34. a4 Kd7 35. f3 Kc6 36. Kc2 Kd7 37. Bf2 Kc6 38. Kd3 Kd6 39. Bg3+ Kd7 40.
f4 c6 41. Bf2 b5 42. axb5 cxb5 43. cxb5 axb5 44. e4 Kc6 45. Be3 Bg7 46. Kc2 Bf6
47. Kd3 Bg7 48. g5 Bf8 49. Bd2 Bc5 50. Bc1 Kd7 51. Bb2 Bd6 52. Bc1 Bc5 53. Be3
Be7 54. Kd4 Bd6 55. Bd2 Ke7 56. Kc3 Kd7 57. Kb3 Kc6 58. f5 exf5 59. exf5 gxf5
60. g6 Bf8 1/2-1/2

[Event "X MIEDZYNARODOWY JUBILEUSZOWY FESTIWAL S"]
[Site "LAZY, OW "]
[Date "2014.07.03"]
[Round "5.10"]
[White "Zielinski, Wojciech"]
[Black "Zaleski, Lukasz"]
[Result "1/2-1/2"]
[WhiteElo "2185"]
[BlackElo "1867"]
[PlyCount "133"]
[EventDate "2014.??.??"]

1. e4 e6 2. d4 d5 3. Nd2 dxe4 4. Nxe4 Nd7 5. Nf3 Ngf6 6. Bd3 Nxe4 7. Bxe4 Nf6
8. Bg5 Qd6 9. Bxf6 gxf6 10. Qe2 Bd7 11. c3 Bc6 12. Nd2 Bh6 13. Nc4 Qd7 14. Qf3
Bxe4 15. Qxe4 O-O-O 16. Ne3 f5 17. Qf3 Bxe3 18. fxe3 Qd5 19. O-O h5 20. Qxd5
Rxd5 21. e4 fxe4 22. Rxf7 Rf5 23. Rf1 Rxf7 24. Rxf7 c5 25. Kf2 cxd4 26. cxd4
Re8 27. Ke3 e5 28. d5 Rg8 29. Rf2 h4 30. Kxe4 Rg5 31. d6 Kd7 32. Kd5 e4+ 33.
Kxe4 Kxd6 34. Rd2+ Ke6 35. Kf4 Rg7 36. Kf3 Ke5 37. Re2+ Kf5 38. Rc2 b6 39. Rc4
Rh7 40. a4 Kg5 41. Rg4+ Kh5 42. Rd4 Rc7 43. Rd5+ Kg6 44. a5 bxa5 45. Rb5 Rc2
46. b3 Rb2 47. Rxa5 Rxb3+ 48. Kg4 Rb4+ 49. Kh3 Kh6 50. Rxa7 Kh5 51. Ra5+ Kh6
52. Re5 Ra4 53. Re8 Kh5 54. Rh8+ Kg5 55. Rg8+ Kh5 56. g4+ hxg3 57. hxg3 Ra3 58.
Rg7 Kh6 59. Rg4 Ra5 60. Rg8 Rh5+ 61. Kg4 Ra5 62. Rf8 Kg6 63. Rb8 Ra4+ 64. Kh3
Kg5 65. Rb5+ Kg6 66. g4 Ra1 67. Rb6+ 1/2-1/2

[Event "X MIEDZYNARODOWY JUBILEUSZOWY FESTIWAL S"]
[Site "LAZY, OW "]
[Date "2014.07.03"]
[Round "5.11"]
[White "Wacior, Maciej"]
[Black "Snihur, Piotr"]
[Result "1/2-1/2"]
[WhiteElo "1863"]
[BlackElo "2147"]
[PlyCount "74"]
[EventDate "2014.??.??"]

1. d4 Nf6 2. Nf3 c5 3. d5 b5 4. g3 Bb7 5. c4 e6 6. dxe6 fxe6 7. cxb5 d5 8. Bh3
Bd6 9. Bxe6 Qe7 10. Bh3 O-O 11. O-O Nbd7 12. Bg5 Rae8 13. Re1 h6 14. Bxf6 Rxf6
15. Nc3 Nb6 16. Na4 Nc4 17. Rc1 g5 18. Bg2 Kg7 19. e4 dxe4 20. Rxc4 Qf7 21. Nd2
Rxf2 22. Rcxe4 Rf8 23. Nf3 Bxe4 24. Rxe4 Rxf3 25. Bxf3 Qxf3 26. Qxf3 Rxf3 27.
Re6 Rd3 28. b6 axb6 29. Nxb6 Kf7 30. Rxh6 Bf8 31. Rc6 Rd1+ 32. Kg2 Rd2+ 33. Kh3
Rxb2 34. a4 Ra2 35. Nd7 Rxa4 36. Nxf8 Kxf8 37. Rxc5 g4+ 1/2-1/2

[Event "X MIEDZYNARODOWY JUBILEUSZOWY FESTIWAL S"]
[Site "LAZY, OW "]
[Date "2014.07.03"]
[Round "5.12"]
[White "Karpus, Michal"]
[Black "Smolka, Marcin"]
[Result "1/2-1/2"]
[WhiteElo "1943"]
[BlackElo "2089"]
[PlyCount "52"]
[EventDate "2014.??.??"]

1. e4 e5 2. Nf3 Nc6 3. Bc4 Nf6 4. d3 Bc5 5. c3 a6 6. Bb3 Ba7 7. O-O O-O 8. Nbd2
d5 9. Qe2 Re8 10. h3 Nh5 11. exd5 Ng3 12. Qd1 Nxf1 13. dxc6 Nxd2 14. Bxd2 bxc6
15. Ng5 Be6 16. Qh5 Qxd3 17. Nxe6 fxe6 18. Rd1 g6 19. Qxe5 Qf5 20. Qxf5 gxf5
21. Bg5 Kf7 22. Rd7+ Kg6 23. Bh4 Bb6 24. Ba4 a5 25. Bxc6 Ra6 26. Bb5 Ra7
1/2-1/2

[Event "X MIEDZYNARODOWY JUBILEUSZOWY FESTIWAL S"]
[Site "LAZY, OW "]
[Date "2014.07.03"]
[Round "5.13"]
[White "Jacek, Krystian"]
[Black "Poswiatowski, Michal"]
[Result "1/2-1/2"]
[WhiteElo "2148"]
[BlackElo "2013"]
[PlyCount "56"]
[EventDate "2014.??.??"]

1. e4 c5 2. Nf3 g6 3. d4 Bg7 4. Nc3 cxd4 5. Nxd4 Nc6 6. Be3 Nf6 7. Bc4 O-O 8.
Bb3 d6 9. f3 Bd7 10. Qd2 Rc8 11. h4 h5 12. O-O-O Ne5 13. Bg5 Nc4 14. Qd3 Ne5
15. Qd2 Nc4 16. Qd3 Ne5 17. Qe2 Qa5 18. Kb1 a6 19. Qd2 Rc5 20. Nd5 Qd8 21.
Nxf6+ exf6 22. Be3 Qc8 23. g4 hxg4 24. h5 gxh5 25. f4 Nc4 26. Bxc4 Rxc4 27. f5
Re8 28. b3 Rxd4 1/2-1/2

[Event "X MIEDZYNARODOWY JUBILEUSZOWY FESTIWAL S"]
[Site "LAZY, OW "]
[Date "2014.07.03"]
[Round "5.14"]
[White "Mitura, Vaclav"]
[Black "Szostko, Jakub"]
[Result "1/2-1/2"]
[WhiteElo "2098"]
[BlackElo "2002"]
[PlyCount "42"]
[EventDate "2014.??.??"]

1. d4 d5 2. Nf3 e6 3. c4 Nf6 4. Nc3 Bb4 5. e3 O-O 6. Bd3 dxc4 7. Bxc4 b6 8. O-O
Bb7 9. Qe2 Nbd7 10. Rd1 Qc8 11. Bd3 c5 12. Bd2 cxd4 13. exd4 Bxc3 14. bxc3 Qc7
15. Re1 h6 16. Rac1 Ng4 17. Be4 Bxe4 18. Qxe4 Ngf6 19. Qe2 Rac8 20. c4 Rfd8 21.
h3 Qb7 1/2-1/2

[Event "X MIEDZYNARODOWY JUBILEUSZOWY FESTIWAL S"]
[Site "LAZY, OW "]
[Date "2014.07.03"]
[Round "5.15"]
[White "Adamowicz, Maciej"]
[Black "Parol, Pawel"]
[Result "1/2-1/2"]
[WhiteElo "2089"]
[BlackElo "2001"]
[PlyCount "73"]
[EventDate "2014.??.??"]

1. c4 e5 2. g3 Nf6 3. Bg2 d5 4. cxd5 Nxd5 5. Nc3 Nb6 6. Nf3 Nc6 7. O-O Be7 8.
a3 O-O 9. b4 a6 10. d3 Be6 11. Bb2 f6 12. Rc1 Qd7 13. Ne4 Rfd8 14. Qc2 Rac8 15.
Nc5 Bxc5 16. bxc5 Nd5 17. Rfd1 Qf7 18. d4 exd4 19. Nxd4 Nxd4 20. Rxd4 c6 21.
Rcd1 Re8 22. e4 Nc7 23. R4d3 Bc4 24. Rd7 Bb3 25. Qd3 Qc4 26. Qd6 Ne6 27. Rc1
Qe2 28. Ba1 Rcd8 29. Bh3 Rxd7 30. Qxd7 Kf8 31. Qd6+ Kf7 32. e5 Bd5 33. exf6
gxf6 34. Qd7+ Re7 35. Bxe6+ Qxe6 36. Qxe6+ Rxe6 37. Bc3 1/2-1/2

[Event "X MIEDZYNARODOWY JUBILEUSZOWY FESTIWAL S"]
[Site "LAZY, OW "]
[Date "2014.07.03"]
[Round "5.16"]
[White "Nowak, Lukasz"]
[Black "Zylka, Stanislaw"]
[Result "1-0"]
[WhiteElo "2081"]
[BlackElo "1939"]
[PlyCount "67"]
[EventDate "2014.??.??"]

1. e4 e5 2. Nf3 Nc6 3. Bb5 a6 4. Ba4 Nf6 5. O-O Be7 6. d3 b5 7. Bb3 O-O 8. Nc3
d6 9. a3 Bg4 10. Be3 Qd7 11. Nd5 Rab8 12. c3 Nxd5 13. Bxd5 Kh8 14. Bxc6 Qxc6
15. Nxe5 dxe5 16. Qxg4 Rbd8 17. Rfd1 Rd6 18. Rd2 g6 19. Qg3 Re6 20. f4 Bd6 21.
Rf1 exf4 22. Bxf4 Bc5+ 23. d4 Bb6 24. e5 Qd5 25. b4 Kg8 26. Rdf2 f5 27. Bh6 Rf7
28. Rxf5 Rxf5 29. Rxf5 Re8 30. Rf6 Qd7 31. Qf4 Qe7 32. e6 Qd6 33. Qxd6 cxd6 34.
e7 1-0